banner-ar

عزف منفرد على قماش الخيمة: قصص قصيرة / (Record no. 47369)

MARC details
000 -الفاتح
حقل البيانات ثابتة الطول 00523nam a2200169Ia 4500
008 - عناصر البيانات ثابتة الطول - معلومات عامة
حقل البيانات ثابتة الطول 140319s9999 xx 000 0 ara d
040 ## - مصدر الفهرسة
وكالة الفهرسة الأصلية GCL /
وكالة النسخ GCL
082 04 - رقم تصنيف ديوى العشرى
رقم التصنيف 813.01
رقم المادة و ع
100 1# - المدخل الرئيسى - إسم شخصى
الإسم الشخصى وليد رباح
245 10 - بيان العنوان
العنوان عزف منفرد على قماش الخيمة: قصص قصيرة /
بيان المسئوليه,etc وليد رباح
300 ## - الوصف المادى
التعداد 81 ص
490 ## - بيان السلسلة
عنوان السلسلة سلسلة القصة والمسرحية
رقم المجلد/ التعيين التسلسلي 0
650 04 - المدخل الاضافى بالموضوع-مصطلح موضوعى
مصطلح موضوعي الادب العربى
650 04 - المدخل الاضافى بالموضوع-مصطلح موضوعى
مصطلح موضوعي القصص العربية القصيرة
942 ## - عناصر المدخل الإضافي( كوها)
مصدر التصنيف او مخطط الترفيف Dewey Decimal Classification
Koha [default] item type كتاب
Holdings
حالة التراجع حالة الفقد حالة تلف ليس للاعارة المكان المؤقت الموقع الحالى تاريخ الاكتساب اجمالي اﻻعارات رقم الطلب الباركود تاريخ اخر مشاهدة تاريخ تفعيل السعر نوع وعاء كوها
        مكتبة القاهرة الكبرى مكتبة القاهرة الكبرى 03/26/2014   813.01\و ع 114537 03/26/2014 03/26/2014 كتاب

Powered By

EGPV